| 000 | 00824nam a2200193 a 4500 | ||
|---|---|---|---|
| 001 | 000041729 | ||
| 005 | 20201002035724.0 | ||
| 008 | 131016s1987 sp 000 0 spa d | ||
| 020 | _a8400065824 | ||
| 040 |
_aDO-SdBNP _bspa _cBNPHU |
||
| 082 |
_axxx _bA486m |
||
| 100 | 1 |
_aAmasuno, Marcelino V. _968566 |
|
| 245 | 1 | 3 |
_aLa materia médica de Dioscorides en el lapidario de Alfonso X el sabio : _bliteratura y ciencia en la Castilla del siglo XIII / _cMarcelino V. Amasuno. |
| 260 |
_aMadrid : _bConsejo Superior de Investigaciones Científicas, _bCentro de Estudios Históricos, _c1987. |
||
| 300 |
_a181 p. ; _c18 cm. |
||
| 490 | 1 |
_aCuadernos Galileo de historia de la ciencia _v9 |
|
| 500 | _aIncluye referencias bibliográficas y notas al pie de páginas. | ||
| 830 | 0 |
_aCuadernos Galileo de historia de la ciencia _n9 _968567 |
|
| 999 |
_c41218 _d41218 |
||